Dokumenty slovenskej národnej identity a štátnosti. I.

Saved in:
Bibliographic Details
Format: Book
Language:Slovak
Published: Bratislava : Národné literárne centrum, 1998
Edition:1.vyd.
Subjects:
Tags: Add Tag
No Tags, Be the first to tag this record!

MARC

LEADER 00000nam a22000003a 4500
001 stu77940
005 20150408161638.1
008 021112s1998----xo------------------slo-d
020 |a 80-88878-43-8 
040 |a STU  |b slo 
041 0 |a slo 
044 |a xo 
080 |a 943.76 
245 |a Dokumenty slovenskej národnej identity a štátnosti. I. 
250 |a 1.vyd. 
260 |a Bratislava :  |b Národné literárne centrum,  |c 1998 
300 |a 513 s 
650 7 |a dejiny Slovenska  |2 stusub 
996 |b 284EK84638  |c E*84638  |l EE01  |s A  |a 24  |w stu77940_0001